000
00298nam a2200109Ia 4500
008
171211s9999 xx 000 0 und d
245
_a
Michael Graves: Design for Life
245
_c
Ian Volner
260
_c
2017
650
_x
Architecture
856
_u
http://down.ebook777.com/065/9781616895631.pdf
999
_c
350009
_d
350009